000 00795nam a2200241 i 4500
001 C2-0279832
003 PPAK
005 20180728010941.0
008 070515s su a|||| ||||| | ara d
040 _aPPAK
_beng
_cPPAK
_erda
082 0 4 _a297.352
_223
090 0 0 _a297.352
_bIBR
_dKMN
100 0 _aIbrahim al-Anqori,
_eauthor
245 1 0 _aTausi'ah al-Harmain al-Syarifain :
_bkeluasan dua Tanah Haram yang mulia - Makkah dan Madinah
264 1 _aSaudi Arabia :
_bal-Maktabah al-Arabiah al-Sa'udiah ,
300 _a130 pages :
_bcolour illustrations ;
_c22 cm
336 _2rdacontent
_atext
337 _2rdamedia
_aunmediated
338 _2rdacarrier
_avolume
500 _aTeks dalam bahasa Arab
650 1 0 _aMuslim pilgrimages - Saudi Arabia - Mecca - Medina.
942 _ddc
_cB
999 _c86442
_d86442